الإسلام والمشكلة الإقتصادية /
Saved in:
| Main Author: | |
|---|---|
| Other Authors: | |
| Format: | Thesis |
| Language: | Arabic |
| Published: |
Urdun :
Jami'at al-Yarmuk,
1994
|
| Subjects: | |
| Tags: |
Add Tag
No Tags, Be the first to tag this record!
|
| LEADER | 015630000a22002890004500 | ||
|---|---|---|---|
| 008 | 130508s1994 jo a f 000 0 ara d | ||
| 040 | |a UIAM |b eng | ||
| 041 | |a ara | ||
| 050 | 0 | |a HB72.2 | |
| 100 | 1 | |a بطاينة، إبراهيم محمد أحمد | |
| 242 | 1 | 3 | |a al-Islam wa-al-mushkilah al-iqtisadiyah |
| 245 | 1 | 2 | |a الإسلام والمشكلة الإقتصادية / |c إعداد، إبراهيم محمد أحمد البطاينة |
| 260 | |a Urdun : |b Jami'at al-Yarmuk, |c 1994 | ||
| 300 | |a v, 119 leaves : |b ill. ; |c 30 cm. | ||
| 500 | |a "قدمت هذه الرسالة إستكمالا لمتطلبات الحصول على درجة الماجستير في الإقتصاد الإسلامي من كلية الشريعة والدراسات الإسلامية في جامعة اليرموك" --On t.p. | ||
| 502 | |a Thesis (M.A.)--Jami'at al-Yarmuk, 1994. | ||
| 504 | |a Includes bibliographical references (leaves 106-115) and index. | ||
| 596 | |a 1 4 | ||
| 650 | 0 | |a Economics, Islamic | |
| 650 | 0 | |a Islam |x Economic aspects | |
| 655 | |a Theses, Facsimile edition (Islamic) | ||
| 700 | 1 | |a Batayinah, Ibrahim Muhammad Ahmad | |
| 900 | |a arf-his | ||
| 999 | |c 437236 |c 437236 |d 470062 |d 470062 | ||
| 999 | |c 437236 |c 437236 |d 470062 |d 470062 | ||
| 952 | |0 0 |6 TI HB 000072.2 B328I 1994 |7 0 |8 THESES |9 757954 |a IIUM |b IIUM |c MULTIMEDIA |g 0.00 |o ti HB 72.2 B328I 1994 |p 00011253423 |r 2017-10-23 |t 1 |v 0.00 |y THESIS | ||
| 952 | |0 0 |6 TI HB 000072.2 B328I 1994 |7 0 |8 THESES |9 757955 |a IIiBFL |b IIiBFL |c CLOSEACCES |g 240.00 |o ti HB 72.2 B328I 1994 |p 00011275637 |r 2017-11-01 |t 1 |v 240.00 |y THESIS | ||
